000 00690nam a2200217 i 4500
001 115375
003 ES-MaACL
005 20250825062551.0
007 t|
008 070307s1930 sp ||||1| spa d
080 _a821.134.2-23
100 1 _aLorente, Juan José.
_974102
245 1 3 _aLa felicidad de ayer
_b: comedia en tres actos /
_cJuan José Lorente.
260 _aMadrid :
_bPrensa Moderna,
_c1930.
300 _a68 p. ;
_c17 cm.
490 1 _aEl Teatro moderno ;
_v234
500 _aEstrenada en el Teatro Fontalba, de Madrid, el 31 de enero de 1930.
830 0 3 _aEl teatro moderno (Prensa Moderna)
_v234
_9182365
852 _aES-MaACL
_jC-13095
999 _c115375
_d115375